| Tag |
First Indicator |
Second Indicator |
Subfields |
| LEADER |
00000cam a2200000ua 4500 |
| 001 |
in00001402892 |
| 005 |
20151020053055.0 |
| 008 |
980505s1997 it af b 000 0 ita d |
| 020 |
|
|
|a 8880914871 :
|c L32000.
|
| 035 |
|
|
|a (OCoLC)39827674
|
| 035 |
|
|
|9 AHM6932AM
|
| 040 |
|
|
|a PUL
|c PUL
|d TXA
|d UtOrBLW
|
| 049 |
|
|
|a TXAM
|
| 082 |
1 |
4 |
|a 822
|
| 090 |
|
|
|a PR2832.A2
|b T36 1997
|
| 245 |
0 |
4 |
|a The Taming of the shrew :
|b dal testo alla scena /
|c a cura di Mariangela Tempera ; [di] Mario Domenichelli [and others].
|
| 264 |
|
1 |
|a Bologna :
|b CLUEB,
|c [1997]
|
| 264 |
|
4 |
|c ©1997
|
| 300 |
|
|
|a 246 pages, 8 unnumbered pages of plates :
|b illustrations ;
|c 22 cm.
|
| 336 |
|
|
|a text
|b txt
|2 rdacontent
|
| 337 |
|
|
|a unmediated
|b n
|2 rdamedia
|
| 338 |
|
|
|a volume
|b nc
|2 rdacarrier
|
| 490 |
1 |
|
|a Shakespeare dal testo alla scena ;
|v 13
|
| 504 |
|
|
|a Includes bibliographical references.
|
| 600 |
1 |
0 |
|a Shakespeare, William,
|d 1564-1616.
|t Taming of the shrew.
|
| 650 |
|
0 |
|a Sex role in literature.
|
| 700 |
1 |
|
|a Tempera, Mariangela.
|
| 830 |
|
0 |
|a Shakespeare dal testo alla scena ;
|v 13.
|
| 999 |
|
|
|a MARS
|
| 999 |
f |
f |
|s d62f8d20-f4e2-3097-b014-f920189855a9
|i 7d3409cd-6149-3d0c-b8d9-2fe47c1f1e5e
|t 0
|
| 952 |
f |
f |
|p normal
|a Texas A&M University
|b College Station
|c Sterling C. Evans Library
|d Evans: Library Stacks
|t 0
|e PR2832.A2 T36 1997
|h Library of Congress classification
|i unmediated -- volume
|m A14823821024
|
| 998 |
f |
f |
|a PR2832.A2 T36 1997
|t 0
|l Evans: Library Stacks
|